<?xml version="1.0" encoding="UTF-8"?>
<record
    xmlns:xsi="http://www.w3.org/2001/XMLSchema-instance"
    xsi:schemaLocation="http://www.loc.gov/MARC21/slim http://www.loc.gov/standards/marcxml/schema/MARC21slim.xsd"
    xmlns="http://www.loc.gov/MARC21/slim">

  <leader>00567nam a22001697a 4500</leader>
  <datafield tag="999" ind1=" " ind2=" ">
    <subfield code="c">8144</subfield>
    <subfield code="d">8144</subfield>
  </datafield>
  <controlfield tag="003">AUA.1</controlfield>
  <controlfield tag="005">20191024185602.0</controlfield>
  <controlfield tag="008">121025t        xxu||||| |||| 00| 0 eng d</controlfield>
  <datafield tag="040" ind1=" " ind2=" ">
    <subfield code="c">JTL</subfield>
  </datafield>
  <datafield tag="100" ind1=" " ind2=" ">
    <subfield code="a">Karemera Elie</subfield>
    <subfield code="9">27931</subfield>
  </datafield>
  <datafield tag="245" ind1=" " ind2=" ">
    <subfield code="a">UNE STRATEGIA POUR REMONTER LA CROISSANCE DE L'EGLISE ADVENTISTE DE KARINZI AU RWANDA</subfield>
    <subfield code="c">Elie Karemera</subfield>
  </datafield>
  <datafield tag="300" ind1=" " ind2=" ">
    <subfield code="a">79 p. :</subfield>
    <subfield code="c">29 cm.</subfield>
  </datafield>
  <datafield tag="650" ind1=" " ind2=" ">
    <subfield code="a">Croissance de L'eglise Adventiste</subfield>
    <subfield code="9">27932</subfield>
  </datafield>
  <datafield tag="650" ind1=" " ind2=" ">
    <subfield code="a">Beliefs</subfield>
    <subfield code="v">Seventh-day Adventists</subfield>
    <subfield code="9">27933</subfield>
  </datafield>
  <datafield tag="650" ind1=" " ind2=" ">
    <subfield code="a">Revival</subfield>
    <subfield code="9">27934</subfield>
  </datafield>
  <datafield tag="942" ind1=" " ind2=" ">
    <subfield code="2">aua</subfield>
    <subfield code="c">PROJECT</subfield>
    <subfield code="h">MA PTh</subfield>
    <subfield code="i">.K37 2009</subfield>
  </datafield>
  <datafield tag="952" ind1=" " ind2=" ">
    <subfield code="0">0</subfield>
    <subfield code="1">0</subfield>
    <subfield code="2">aua</subfield>
    <subfield code="4">0</subfield>
    <subfield code="7">0</subfield>
    <subfield code="8">JTL Research Collection</subfield>
    <subfield code="a">AUA.1</subfield>
    <subfield code="b">AUA.1</subfield>
    <subfield code="c">RESC</subfield>
    <subfield code="d">2012-10-25</subfield>
    <subfield code="e">AUA RESEARCH DEPARTMENT</subfield>
    <subfield code="g">15.00</subfield>
    <subfield code="h">AUA011158</subfield>
    <subfield code="o">MA PTh .K37 2009</subfield>
    <subfield code="p">AUA011158</subfield>
    <subfield code="r">2012-10-25 00:00:00</subfield>
    <subfield code="v">15.00</subfield>
    <subfield code="w">2012-10-25</subfield>
    <subfield code="y">PROJECT</subfield>
  </datafield>
  <datafield tag="952" ind1=" " ind2=" ">
    <subfield code="0">0</subfield>
    <subfield code="1">0</subfield>
    <subfield code="2">aua</subfield>
    <subfield code="4">0</subfield>
    <subfield code="7">0</subfield>
    <subfield code="8">JTL Research Collection</subfield>
    <subfield code="a">AUA.1</subfield>
    <subfield code="b">AUA.1</subfield>
    <subfield code="c">RESC</subfield>
    <subfield code="d">2012-10-25</subfield>
    <subfield code="e">AUA RESEARCH DEPARTMENT</subfield>
    <subfield code="g">15.00</subfield>
    <subfield code="h">AUA011159</subfield>
    <subfield code="o">MA PTh .K37 2009</subfield>
    <subfield code="p">AUA011159</subfield>
    <subfield code="r">2012-10-25 00:00:00</subfield>
    <subfield code="t">2</subfield>
    <subfield code="v">15.00</subfield>
    <subfield code="w">2012-10-25</subfield>
    <subfield code="y">PROJECT</subfield>
  </datafield>
</record>
